ბათუმის შოთა რუსთაველის სახელმწიფო უნივერსიტეტის ბიბლიოთეკა

Справочник химика. Том четвертый: аналитическая химия, спектральный анализ показатели преломления. (ბიბ.ჩანაწერი № 37021)

000 -LEADER
fixed length control field 00629nam a2200193Ia 4500
001 - CONTROL NUMBER
control field 2975
003 - CONTROL NUMBER IDENTIFIER
control field GE_BSU
008 - FIXED-LENGTH DATA ELEMENTS--GENERAL INFORMATION
fixed length control field 181216s||||||||xx |||||||||||||| ||und||
040 ## - CATALOGING SOURCE
Transcribing agency GE_BSU
080 ## - UNIVERSAL DECIMAL CLASSIFICATION NUMBER
Universal Decimal Classification number 541+543(03)
245 ## - TITLE STATEMENT
Title Справочник химика. Том четвертый: аналитическая химия, спектральный анализ показатели преломления.
245 ## - TITLE STATEMENT
Statement of responsibility, etc. Гл.ред. Б.П.Никольский.
260 ## - PUBLICATION, DISTRIBUTION, ETC.
Place of publication, distribution, etc. М.
260 ## - PUBLICATION, DISTRIBUTION, ETC.
Name of publisher, distributor, etc. Химия.
260 ## - PUBLICATION, DISTRIBUTION, ETC.
Date of publication, distribution, etc. 1967.
300 ## - PHYSICAL DESCRIPTION
Extent 920 стр. 22 см.
653 ## - INDEX TERM--UNCONTROLLED
Uncontrolled term Справочник химика.
942 ## - ADDED ENTRY ELEMENTS (KOHA)
Koha item type წიგნი
ეგზემპლარები
Withdrawn status Lost status Damaged status Not for loan Date acquired Barcode Date last seen Price effective from Koha item type
        2018-12-17 9570 2018-12-17 2018-12-17 წიგნი
        2018-12-17 9571 2018-12-17 2018-12-17 წიგნი
        2018-12-17 9572 2018-12-17 2018-12-17 წიგნი